[Event "Kandidatklassen 2012"]
[Site "Helsingor"]
[Date "2012.04.08"]
[Round "6"]
[White "Sorensen, Torben Kyhl"]
[Black "Haubro, Martin"]
[Result "1-0"]
[WhiteElo "2190"]
[BlackElo "2042"]
[PlyCount "107"]
[EventDate "2012.??.??"]
[EventCountry "DEN"]
[SourceDate "2014.05.18"]

1. e4 c5 2. c3 Nf6 3. e5 Nd5 4. d4 cxd4 5. Nf3 Nc6 6. cxd4 d6 7. Bc4 Nb6 8. Bb5
dxe5 9. Nxe5 Bd7 10. Nxd7 Qxd7 11. Nc3 e6 12. O-O Be7 13. Qg4 Kf8 14. Bg5 h5
15. Bxe7+ Qxe7 16. Qe4 Nb4 17. a3 N4d5 18. a4 Nxc3 19. bxc3 Nd5 20. Rfc1 g6 21.
a5 Kg7 22. c4 Nf6 23. Qe5 Rhd8 24. a6 b6 25. Bc6 Rac8 26. Bb7 Rc7 27. c5 bxc5
28. dxc5 Kg8 29. c6 Nd5 30. Rcb1 Qc5 31. h3 Kf8 32. Rc1 Qd6 33. Qe2 Qf4 34. Rd1
Ke7 35. Qd3 Rd6 36. Rab1 Qe5 37. Qa3 Qc3 38. Rb3 Qc4 39. Rbd3 Rcxc6 40. Bxc6
Qxc6 41. Ra1 Kf8 42. Qb2 Rd7 43. Qb8+ Kg7 44. Rb3 Rc7 45. Rf3 Qc4 46. Qb2+ Kg8
47. Rb3 Ne7 48. Rb7 Qc5 49. Rxc7 Qxc7 50. Rb1 Qc5 51. Qb8+ Nc8 52. Rb7 Qc1+ 53.
Kh2 Kg7 54. Qc7 1-0

[Event "Kandidatklassen 2012"]
[Site "Helsingor"]
[Date "2012.04.09"]
[Round "7"]
[White "Matthiesen, Arne"]
[Black "Akdag, Dara Sevkan"]
[Result "1/2-1/2"]
[WhiteElo "2333"]
[BlackElo "2207"]
[PlyCount "41"]
[EventDate "2012.??.??"]
[EventCountry "DEN"]
[SourceDate "2014.05.18"]

1. d4 Nf6 2. Nf3 d5 3. c4 c6 4. e3 e6 5. Nbd2 Nbd7 6. Bd3 Bd6 7. O-O O-O 8. e4
dxe4 9. Nxe4 Nxe4 10. Bxe4 h6 11. Bc2 Qc7 12. Qd3 f5 13. Re1 Nf6 14. b3 Bd7 15.
Bb2 Rfe8 16. h3 Rad8 17. Ne5 Bc8 18. Qf3 c5 19. dxc5 Bxc5 20. Re2 b6 21. Rae1
1/2-1/2

[Event "Kandidatklassen 2012"]
[Site "Helsingor"]
[Date "2012.04.09"]
[Round "7"]
[White "Palm, Nikolaj"]
[Black "Nilssen, John Arni"]
[Result "0-1"]
[WhiteElo "2287"]
[BlackElo "2378"]
[PlyCount "138"]
[EventDate "2012.??.??"]
[EventCountry "DEN"]
[SourceDate "2014.05.18"]

1. d4 Nf6 2. Nf3 e6 3. e3 b6 4. Bd3 Bb7 5. O-O c5 6. b3 d6 7. Bb2 Nbd7 8. c4
Be7 9. Nc3 a6 10. Qe2 O-O 11. Rad1 Re8 12. e4 cxd4 13. Nxd4 Bf8 14. Bb1 Qc7 15.
f4 Qc5 16. Kh1 Qh5 17. Qf2 e5 18. Nf5 Re6 19. Nd5 Rc8 20. Qf3 Qxf3 21. gxf3
Nxd5 22. exd5 Ree8 23. fxe5 Nxe5 24. Ba3 Red8 25. Rde1 Ng6 26. h4 h5 27. Ng3
Nxh4 28. Nxh5 b5 29. Re4 Ng6 30. Bb2 bxc4 31. bxc4 a5 32. f4 Rxc4 33. Re3 Bxd5+
34. Kh2 Rb8 35. Bc3 Rbc8 36. Bxa5 Ra4 37. Bc3 Bxa2 38. Bxg6 fxg6 39. Ng3 d5 40.
Be5 Rc2+ 41. Kh3 d4 42. Re2 d3 43. Ref2 Be6+ 44. Kg2 Bd5+ 45. Kh3 Bc5 46. Rxc2
dxc2 47. Bb2 Ra2 48. Bc1 Ba3 49. Kg4 Bc4 50. Rh1 Bd3 51. Kf3 Bb5 52. Ke3 Bc6
53. Rf1 Bxc1+ 54. Rxc1 Ra3+ 55. Kf2 Rf3+ 56. Kg2 Rxf4+ 57. Kg1 Rc4 58. Kf2 Bb5
59. Ne2 Kf7 60. Ke3 Bd7 61. Kd3 Rc8 62. Nd4 Bf5+ 63. Kd2 Rc4 64. Nb5 Kf6 65.
Nc3 Rd4+ 66. Ke2 g5 67. Rf1 Kg6 68. Rc1 Rd1 69. Rxc2 Bxc2 0-1

[Event "Kandidatklassen 2012"]
[Site "Helsingor"]
[Date "2012.04.09"]
[Round "7"]
[White "Schou Moldt, Thomas"]
[Black "Petersen, Tom Petri"]
[Result "0-1"]
[WhiteElo "2190"]
[BlackElo "2323"]
[PlyCount "61"]
[EventDate "2012.??.??"]
[EventCountry "DEN"]
[SourceDate "2014.05.18"]

1. e4 g6 2. d4 Bg7 3. Nc3 d6 4. Be3 Nd7 5. Nf3 e5 6. dxe5 dxe5 7. Qd2 Ngf6 8.
h3 c6 9. O-O-O Qe7 10. g4 O-O 11. Ng5 Nc5 12. f3 h6 13. Nxf7 Kxf7 14. b4 Ne6
15. Na4 Rd8 16. Bd3 b5 17. Nc5 a5 18. h4 axb4 19. Nb3 c5 20. g5 Nh5 21. gxh6
Bf6 22. Rdg1 c4 23. f4 Nhxf4 24. h5 g5 25. Bb6 cxb3 26. Bxd8 bxa2 27. Kb2 Qxd8
28. h7 Qd4+ 29. c3 Nxd3+ 30. Qxd3 Qxd3 31. h8=N+ 0-1

[Event "Kandidatklassen 2012"]
[Site "Helsingor"]
[Date "2012.04.09"]
[Round "7"]
[White "Jorgensen, Michael Brunsgaard"]
[Black "Matthiesen, Martin"]
[Result "0-1"]
[WhiteElo "2294"]
[BlackElo "2291"]
[PlyCount "36"]
[EventDate "2012.??.??"]
[EventCountry "DEN"]
[SourceDate "2014.05.18"]

1. d4 Nf6 2. c4 g6 3. g3 Bg7 4. Bg2 O-O 5. Nf3 d6 6. Nc3 Nbd7 7. O-O e5 8. e4
c6 9. h3 Qb6 10. Re1 exd4 11. Nxd4 Re8 12. Re2 Nc5 13. Be3 Qa6 14. Bf4 Qxc4 15.
Bxd6 Ncxe4 16. Rc2 Nxd6 17. Ne4 Nfxe4 18. Rxc4 Nxc4 0-1

[Event "Kandidatklassen 2012"]
[Site "Helsingor"]
[Date "2012.04.09"]
[Round "7"]
[White "Hansen, Mads"]
[Black "Molvig, Henrik"]
[Result "1-0"]
[WhiteElo "2273"]
[BlackElo "2186"]
[PlyCount "63"]
[EventDate "2012.??.??"]
[EventCountry "DEN"]
[SourceDate "2014.05.18"]

1. e4 c5 2. Nf3 d6 3. d4 cxd4 4. Nxd4 Nf6 5. Nc3 a6 6. Qf3 Qb6 7. Nb3 e6 8. Be3
Qc7 9. g4 b5 10. g5 b4 11. Ne2 Nxe4 12. Bg2 d5 13. Rc1 Nc6 14. O-O Be7 15. Qh5
Nd6 16. Ng3 Nc4 17. c3 O-O 18. cxb4 Nxe3 19. fxe3 Qb6 20. Kh1 Nxb4 21. Nd4 Bd7
22. Rf6 gxf6 23. Qh6 Kh8 24. gxf6 Rg8 25. fxe7 Rg6 26. Qf8+ Rg8 27. Qxf7 e5 28.
Rc6 Nxc6 29. Qf6+ Rg7 30. Ngf5 Bxf5 31. Nxf5 Rag8 32. e8=Q 1-0

[Event "Kandidatklassen 2012"]
[Site "Helsingor"]
[Date "2012.04.09"]
[Round "7"]
[White "Ochsner, Bjorn Moller"]
[Black "Andersen, Morten"]
[Result "1-0"]
[WhiteElo "2266"]
[BlackElo "2135"]
[PlyCount "128"]
[EventDate "2012.??.??"]
[EventCountry "DEN"]
[SourceDate "2014.05.18"]

1. e4 c6 2. d4 d5 3. Nc3 dxe4 4. Nxe4 Bf5 5. Ng3 Bg6 6. h4 h6 7. Nf3 Nd7 8. h5
Bh7 9. Bd3 Bxd3 10. Qxd3 e6 11. Bd2 Ngf6 12. O-O-O Be7 13. Qe2 O-O 14. Nf1 c5
15. g4 Nxg4 16. Rg1 f5 17. Qxe6+ Rf7 18. Ne3 Nf8 19. Qb3 Nxe3 20. Bxe3 Qb6 21.
Qxb6 axb6 22. Bxh6 Bf6 23. a3 Ne6 24. d5 Nd4 25. Nxd4 Bxd4 26. Rd2 b5 27. c3
Bf6 28. Rg6 b4 29. axb4 cxb4 30. cxb4 Ra1+ 31. Kc2 Rh1 32. d6 Rd7 33. Bg5 Kf7
34. Bxf6 gxf6 35. Rh6 Kg7 36. Rg6+ Kf7 37. Rg3 Rxh5 38. Rf3 Rh4 39. Kb3 Ke6 40.
Rfd3 Re4 41. Ka4 Re5 42. Rd4 b6 43. f4 Ra7+ 44. Kb3 Re3+ 45. Kc4 Re4 46. Kb5
Kd7 47. Kxb6 Ra2 48. Kc5 Rxd4 49. Rxd4 Rxb2 50. b5 Re2 51. Rd5 Rc2+ 52. Kb6 Rc4
53. Rxf5 Ke6 54. Rd5 Kd7 55. f5 Rc1 56. Kb7 Rb1 57. b6 Rb2 58. Ka7 Ra2+ 59. Kb8
Rb2 60. b7 Ra2 61. Rd4 Ra1 62. Rc4 Ra2 63. Rc7+ Kd8 64. Rf7 Ra8+ 1-0

[Event "Kandidatklassen 2012"]
[Site "Helsingor"]
[Date "2012.04.09"]
[Round "7"]
[White "Thuesen, Mogens Henrik"]
[Black "Hartvig, Ove Weiss"]
[Result "1-0"]
[WhiteElo "2186"]
[BlackElo "2215"]
[PlyCount "77"]
[EventDate "2012.??.??"]
[EventCountry "DEN"]
[SourceDate "2014.05.18"]

1. d4 Nf6 2. Bg5 c5 3. d5 d6 4. Nc3 g6 5. e4 Bg7 6. Bb5+ Bd7 7. a4 Na6 8. Nf3
Nc7 9. Nd2 a6 10. Bxd7+ Nxd7 11. Nc4 Ne5 12. Nb6 Rb8 13. a5 Na8 14. Nca4 Nxb6
15. Nxb6 h6 16. Bf4 O-O 17. Ra3 g5 18. Bxe5 Bxe5 19. h4 e6 20. Qh5 Bg7 21. hxg5
Qxg5 22. Qxg5 hxg5 23. Nd7 exd5 24. Nxb8 Rxb8 25. exd5 Bxb2 26. Rb3 Re8+ 27.
Kd2 Be5 28. Rxb7 Bf4+ 29. Kd3 c4+ 30. Kxc4 Re2 31. g3 Be5 32. f4 gxf4 33. gxf4
Re4+ 34. Kb3 Rxf4 35. Rh3 Rf1 36. Rb6 f5 37. Rxa6 f4 38. Ra7 f3 39. Kc4 1-0

[Event "Kandidatklassen 2012"]
[Site "Helsingor"]
[Date "2012.04.09"]
[Round "7"]
[White "Hansen, Martin Strandby"]
[Black "Stojanovski, Sandi"]
[Result "1-0"]
[WhiteElo "2125"]
[BlackElo "2174"]
[PlyCount "67"]
[EventDate "2012.??.??"]
[EventCountry "DEN"]
[SourceDate "2014.05.18"]

1. d4 Nf6 2. Bg5 Ne4 3. h4 h6 4. Bf4 d5 5. Nd2 Nf6 6. e3 e6 7. Bd3 c5 8. c3 Nc6
9. Ngf3 Qb6 10. Rb1 Bd7 11. Ne5 Nxe5 12. dxe5 Ng8 13. h5 O-O-O 14. b4 c4 15.
Bc2 f5 16. Nf3 Ne7 17. Nd4 g5 18. hxg6 Nxg6 19. g4 Bg7 20. gxf5 Nxe5 21. fxe6
Bxe6 22. Qh5 Nd3+ 23. Bxd3 cxd3 24. Be5 Bxe5 25. Qxe5 Rhe8 26. Rxh6 Rd6 27. a4
Qa6 28. b5 Qxa4 29. Qxd6 Qa2 30. Rd1 Bg4 31. Rh7 d2+ 32. Kf1 Qc4+ 33. Kg1 Rg8
34. Kh2 1-0

[Event "Kandidatklassen 2012"]
[Site "Helsingor"]
[Date "2012.04.09"]
[Round "7"]
[White "Jepsen, Thomas Tange"]
[Black "Sorensen, Torben Kyhl"]
[Result "0-1"]
[WhiteElo "2093"]
[BlackElo "2190"]
[PlyCount "28"]
[EventDate "2012.??.??"]
[EventCountry "DEN"]
[SourceDate "2014.05.18"]

1. d4 Nf6 2. c4 g6 3. Nc3 d5 4. Nf3 Bg7 5. Bf4 O-O 6. e3 c5 7. dxc5 Qa5 8. cxd5
Nxd5 9. Rc1 Nxc3 10. bxc3 Bxc3+ 11. Nd2 Rd8 12. e4 Be6 13. Qc2 Bb4 14. Bd3 Nc6
0-1

[Event "Kandidatklassen 2012"]
[Site "Helsingor"]
[Date "2012.04.09"]
[Round "7"]
[White "Haubro, Martin"]
[Black "Olsen, Peter Erik"]
[Result "1/2-1/2"]
[WhiteElo "2042"]
[BlackElo "2212"]
[PlyCount "20"]
[EventDate "2012.??.??"]
[EventCountry "DEN"]
[SourceDate "2014.05.18"]

1. d4 Nf6 2. c4 c5 3. d5 b5 4. Nd2 bxc4 5. e4 d6 6. Bxc4 g6 7. b3 Bg7 8. Bb2
O-O 9. Ngf3 Nbd7 10. O-O Nb6 1/2-1/2